000 01605nam0a2200325 i 4500
001 RU\NLR\bibl\1913756
005 20260601080527.0
010 _a9785778219250
_9200
021 _aRU
_b2012-39105
_92896
035 _a(NLR Aleph) 001903277
090 _a3076716
_c3076716
100 _a20120613d2012 u y0rusy50 ca
101 0 _arus
102 _aRU
105 _aa |||||||||
200 1 _aМодернизация российской экономики: императивы, проблемы, концепции
_eсборник научных статей
_fМ-во образования и науки Рос. Федерации, Новосиб. гос. техн. ун-т
_g[под общ. ред. И.С. Межова, В.А. Титовой]
210 _aНовосибирск
_cИзд-во Новосибирского государственного технического университета
_d2012
215 _a363 с.
_cил.
_d24
320 _aБиблиогр. в конце ст.
607 _aРоссийская Федерация
_jСборники
_xНародное хозяйство
_xМодернизация
_92167606
_3RU\NLR\auth\661304111
686 _aУ9(2)-551(2Р)я43
702 1 _aМежов
_bИ. С.
_gИгорь Степанович
_4340
712 0 2 _4570
_aНовосибирский государственный технический университет
_9286502
_3RU\NLR\AUTH\887219
801 0 _aRU
_bNLR
_c20120613
_gRCR
801 1 _aRU
_bNLR
_c20120613
830 _aпо эк
942 _cBOOK
980 _aNBR